[Event "3 GM-Open"]
[Site "3 GM-Open Groningen"]
[Date "1991.??.??"]
[Round "?"]
[White "Van der Griendt, Jan Willem"]
[Black "Heidenfeld, Mark"]
[Result "1-0"]
[WhiteElo "2450"]
[BlackElo "2300"]
[PlyCount "63"]
[EventDate "1991.??.??"]
[Source "www.chesslib.no"]
[SourceDate "2004.05.04"]

1. d4 Nf6 2. c4 e6 3. Nf3 b6 4. g3 Bb7 5. Bg2 Bb4+ 6. Bd2 Be7 7. O-O O-O 8. Nc3 d5 9. cxd5 Nxd5 10. Qc2 Nd7 11. Rfd1 N7f6 12. Rac1 Nxc3 13. Bxc3 Be4 14. Qa4 Qd7 15. Qa6 Qc8 16. Qc4 Bd5 17. Qa4 Qb7 18. b4 Rfd8 19. Ne1 Bxg2 20. Nxg2 Rac8 21. Qb3 Qd5 22. Qb2 Qb5 23. Nf4 Nd5 24. Nd3 Bf6 25. e3 Nxc3 26. Qxc3 c6 27. Rd2 g6 28. a4 Qxa4 29. Ra1 Qb5 30. Rxa7 c5 31. bxc5 bxc5 32. Rb2 1-0

[Event "Pucarevo zt"]
[Site "Pucarevo"]
[Date "1987.??.??"]
[Round "8"]
[White "Yilmaz, Turhan"]
[Black "Grivas, Efstratios"]
[Result "1/2-1/2"]
[WhiteElo "2375"]
[BlackElo "2375"]
[PlyCount "113"]
[EventDate "1987.03.??"]
[Source "www.chesslib.no"]
[SourceDate "2004.05.04"]

1. d4 Nf6 2. c4 e6 3. Nf3 b6 4. g3 Bb7 5. Bg2 Bb4+ 6. Bd2 Be7 7. Nc3 O-O 8. O-O Na6 9. Ne5 Bxg2 10. Kxg2 Qb8 11. e4 Qb7 12. f3 d5 13. exd5 exd5 14. cxd5 Nb4 15. Rc1 Nbxd5 16. Qb3 Bd6 17. Rfe1 Nxc3 18. bxc3 Rae8 19. Nc4 Qd5 20. Ne3 Qh5 21. a4 Re7 22. Qb5 Qg6 23. Nf5 Rxe1 24. Rxe1 a6 25. Qb1 Re8 26. Nxd6 Qxb1 27. Rxb1 Re2+ 28. Kh3 Rxd2 29. Ne4 Nxe4 30. fxe4 Rc2 31. Rb3 f6 32. d5 a5 33. d6 cxd6 34. Rxb6 Rxc3 35. Rxd6 Rc4 36. e5 fxe5 37. Rd5 Rxa4 38. Rxe5 Kf7 39. Rb5 h6 40. Kg2 Ra2+ 41. Kf3 Ra3+ 42. Kg4 Ra4+ 43. Kf5 Kg8 44. Rb8+ Kh7 45. Ra8 Ra1 46. h4 a4 47. Kg4 a3 48. Ra6 Kg8 49. Kf5 Kh7 50. Kg4 a2 51. Ra7 Kg6 52. Ra6+ Kf7 53. Kh5 Ke7 54. Ra7+ Kf6 55. Ra6+ Kf7 56. Ra7+ Kf6 57. Ra6+ 1/2-1/2

[Event "Ozery op1 Seniors"]
[Site "Ozery"]
[Date "1997.??.??"]
[Round "10"]
[White "Chernikov, Oleg L"]
[Black "Zhukhovitsky, Samuel"]
[Result "1/2-1/2"]
[WhiteElo "2375"]
[BlackElo "2370"]
[PlyCount "37"]
[EventDate "1997.??.??"]
[Source "www.chesslib.no"]
[SourceDate "2004.05.04"]

1. d4 Nf6 2. c4 e6 3. Nf3 b6 4. g3 Bb7 5. Bg2 Bb4+ 6. Bd2 Be7 7. Nc3 Qc8 8. Bg5 d6 9. O-O Nbd7 10. d5 e5 11. Bd2 O-O 12. Ne1 Ne8 13. Nd3 a5 14. a3 Nc5 15. Nxc5 dxc5 16. Nb5 Nd6 17. Nxd6 Bxd6 18. e4 Qe8 19. Bh3 1/2-1/2

[Event "Scandic Cup"]
[Site "Odense DEN"]
[Date "1991.??.??"]
[Round "5"]
[White "Jasnikowski, Zbigniew"]
[Black "Bank Friis, Carsten"]
[Result "1-0"]
[WhiteElo "2435"]
[BlackElo "2305"]
[PlyCount "93"]
[EventDate "1991.??.??"]
[Source "www.chesslib.no"]
[SourceDate "2004.05.04"]

1. d4 Nf6 2. c4 e6 3. Nf3 b6 4. g3 Bb7 5. Bg2 Bb4+ 6. Bd2 Be7 7. Nc3 O-O 8. O-O d5 9. cxd5 Nxd5 10. Nxd5 Bxd5 11. Qc2 Nd7 12. e4 Bb7 13. Bc3 c5 14. Rfd1 c4 15. d5 exd5 16. exd5 Bf6 17. Nd4 Ne5 18. Nc6 Bxc6 19. dxc6 Qe7 20. Re1 Qc5 21. Re4 b5 22. Bd4 Nf3+ 23. Bxf3 Bxd4 24. Kg2 Rac8 25. Rd1 Bf6 26. Re2 g6 27. Red2 Kg7 28. Rd7 a5 29. h4 b4 30. h5 c3 31. b3 Rxc6 32. Bxc6 Qxc6+ 33. f3 Re8 34. Qd3 c2 35. Rc1 Rc8 36. Rd6 Qc3 37. Qxc3 Bxc3 38. Rxc2 gxh5 39. Rd5 Ra8 40. a4 Kg6 41. Re2 Ra6 42. Re4 f6 43. Kf1 Ra7 44. Ke2 Ra6 45. f4 Ra7 46. Kf3 Ra6 47. Re8 1-0

[Event "Dieren Open"]
[Site "Dieren NED"]
[Date "1988.??.??"]
[Round "6"]
[White "Karolyi, Tibor jr"]
[Black "Van der Werf, Mark"]
[Result "1/2-1/2"]
[WhiteElo "2475"]
[BlackElo "2260"]
[PlyCount "33"]
[EventDate "1988.??.??"]
[Source "www.chesslib.no"]
[SourceDate "2004.05.04"]

1. d4 Nf6 2. c4 e6 3. Nf3 b6 4. g3 Bb7 5. Bg2 Bb4+ 6. Bd2 Be7 7. Nc3 O-O 8. O-O Na6 9. Ne5 Bxg2 10. Kxg2 Qb8 11. Bg5 Qb7+ 12. Kg1 c5 13. Ng4 Nd5 14. Bxe7 Nxe7 15. Ne3 d6 16. Qd2 Rad8 17. d5 1/2-1/2

[Event "Budapest Elekes"]
[Site "Budapest"]
[Date "1985.??.??"]
[Round "?"]
[White "Lengyel, Levente"]
[Black "Zsinka, Laszlo"]
[Result "1/2-1/2"]
[WhiteElo "2395"]
[BlackElo "2340"]
[PlyCount "92"]
[EventDate "1985.05.??"]
[Source "ChessBase"]

1. d4 Nf6 2. c4 e6 3. Nf3 b6 4. g3 Bb7 5. Bg2 Bb4+ 6. Bd2 Be7 7. Nc3 O-O 8. O-O d5 9. Ne5 Na6 10. Bg5 c6 11. Qa4 Rc8 12. Rfd1 Nd7 13. Bxe7 Qxe7 14. Nxd7 Qxd7 15. e4 dxc4 16. Qxc4 Nc7 17. Qa4 a6 18. Qb3 Nb5 19. Ne2 Qc7 20. a4 Nd6 21. Nc3 Rfd8 22. Rac1 c5 23. dxc5 bxc5 24. Rd2 Ne8 25. Rcd1 Rxd2 26. Rxd2 Kf8 27. Qd1 Ke7 28. Qh5 h6 29. Qh4+ Kf8 30. h3 Qe7 31. Qh5 Qc7 32. e5 Bxg2 33. Kxg2 Rd8 34. Rxd8 Qxd8 35. Qe2 Qa8+ 36. Qe4 Qb8 37. Qe3 Qb7+ 38. Kg1 Qb4 39. Ne4 Qxa4 40. Qxc5+ Kg8 41. Nd6 Qd7 42. b4 Kh7 43. Qb6 Nc7 44. Qb7 f6 45. f4 Qa4 46. Qxc7 Qd1+ 1/2-1/2

[Event "Budapest FS07 GM"]
[Site "Budapest HUN"]
[Date "1995.??.??"]
[Round "?"]
[White "Gonzalez Garcia, Jose"]
[Black "Lengyel, Levente"]
[Result "1/2-1/2"]
[WhiteElo "2360"]
[BlackElo "2365"]
[PlyCount "89"]
[EventDate "1995.07.??"]
[Source "www.chesslib.no"]
[SourceDate "2004.05.04"]

1. d4 Nf6 2. c4 e6 3. Nf3 b6 4. g3 Bb7 5. Bg2 Bb4+ 6. Bd2 Be7 7. Nc3 d5 8. cxd5 exd5 9. Qa4+ c6 10. Ne5 O-O 11. O-O Nfd7 12. f4 Nxe5 13. fxe5 Na6 14. e4 dxe4 15. Be3 Nb4 16. Bxe4 Nd5 17. Nxd5 cxd5 18. Bd3 Bg5 19. Bxg5 Qxg5 20. Rf4 Bc8 21. Rc1 Be6 22. Ba6 Qe7 23. Rf3 f6 24. exf6 Rxf6 25. Rxf6 Qxf6 26. Rf1 Qe7 27. Qc6 Re8 28. Rc1 Kf7 29. Rf1+ Kg8 30. Re1 Kf7 31. Qc2 Qb4 32. Qf2+ Kg8 33. a3 Qf8 34. Qxf8+ Kxf8 35. Bb5 Bd7 36. Rf1+ Ke7 37. Bd3 h6 38. Bg6 Rf8 39. Rxf8 Kxf8 40. Kf2 Ke7 41. Ke3 Kf6 42. Bh5 g5 43. Bf3 Bc6 44. Be2 a5 45. Bf3 1/2-1/2

[Event "ARG Ch"]
[Site "Salta"]
[Date "1987.??.??"]
[Round "9"]
[White "Tempone, Marcelo J"]
[Black "Herrera, Irisberto"]
[Result "1-0"]
[WhiteElo "2435"]
[BlackElo "2280"]
[PlyCount "45"]
[EventDate "1987.??.??"]
[Source "www.chesslib.no"]
[SourceDate "2004.05.04"]

1. d4 Nf6 2. c4 e6 3. Nf3 b6 4. g3 Bb7 5. Bg2 Bb4+ 6. Bd2 Be7 7. Nc3 Ne4 8. d5 Nxd2 9. Qxd2 O-O 10. O-O Bb4 11. Rfd1 exd5 12. cxd5 Re8 13. Rac1 Na6 14. Nd4 Qf6 15. Qf4 Qxf4 16. gxf4 Rec8 17. a3 Bf8 18. b4 Nb8 19. Ncb5 a6 20. Nxc7 Ra7 21. d6 Bxd6 22. Ncb5 axb5 23. Nxb5 1-0

[Event "NZL Ch"]
[Site "Auckland NZL"]
[Date "1979.??.??"]
[Round "10"]
[White "Anderson, Bruce R"]
[Black "Sarapu, Ortvin"]
[Result "0-1"]
[WhiteElo "2385"]
[BlackElo "2330"]
[PlyCount "146"]
[EventDate "1979.??.??"]
[Source "www.chesslib.no"]
[SourceDate "2004.05.04"]

1. d4 Nf6 2. c4 e6 3. Nf3 b6 4. g3 Bb7 5. Bg2 Bb4+ 6. Bd2 Be7 7. Nc3 O-O 8. Qc2 c5 9. d5 Na6 10. e4 exd5 11. exd5 d6 12. O-O Re8 13. a3 Nc7 14. Rfe1 Qd7 15. Ng5 h6 16. Nge4 b5 17. b3 bxc4 18. bxc4 Ba6 19. Bf1 Rab8 20. Rab1 Nxe4 21. Nxe4 Bf8 22. Bc3 Na8 23. Rxb8 Rxb8 24. Qd2 Nc7 25. Qf4 Ne8 26. Nd2 Qd8 27. h4 Bc8 28. Bd3 Bd7 29. Re3 Rb7 30. Rf3 Bc8 31. h5 Re7 32. g4 f6 33. Kg2 Bd7 34. Ne4 Qc8 35. Kg3 Rf7 36. Nd2 f5 37. gxf5 Nf6 38. Bxf6 Rxf6 39. Qg4 Qe8 40. Ne4 Qe5+ 41. Kg2 Rf7 42. Ng3 Be7 43. Re3 Qd4 44. Qxd4 cxd4 45. Re1 Bh4 46. Rd1 Kf8 47. Rb1 Re7 48. Rb8+ Be8 49. Ne2 Kf7 50. Nxd4 Kf6 51. Rd8 Bxh5 52. Nc6 Re1 53. Rxd6+ Kg5 54. Nd4 Rd1 55. Ne6+ Kf6 56. Nc5+ Ke5 57. Re6+ Kd4 58. Rc6 Rxd3 59. Nxd3 Kxd3 60. Re6 Kd4 61. Kh3 Bd8 62. Rc6 Bb6 63. Rc8 Be2 64. d6 Bd3 65. Kg4 Ke5 66. Rf8 Kxd6 67. Rg8 Bxc4 68. Rxg7 Bxf2 69. Rg6+ Ke5 70. Rxh6 Be2+ 71. Kh3 Kxf5 72. Kg2 Bc5 73. Rh3 Ke4 0-1